00524 2200193 4500001002100000005001500021008004100036020002500077035001900102041000700121082001300128090002100141100001900162245006700181260002600248300002900274500001100303650001600314INLIS00000000000096320241224112248241224||||||||| | ||| |||| || |  aISBN 978-602-8144-43 0010-1224000963 aid0 a370. 144 a370. 144 HER p/10 ahermawan aksan00aPendidikan Budaya dan Karakter Bangsa Takwa, Jujur dan Toleran bnuansa cendekiac2014 a120 hlm.; 15,5 x 23,5 cm aCet. 1 0aIlmu Sosial